La defensa del pobre en el Proceso civil la experiencia italiana /

Bibliographic Details
Main Author: Cipriani, Franco
Format: Unknown
Language:Spanish
Published: Lima : Palestra, 2002
Series:Derechos y Garanta̕s ; 4
Subjects:
Online Access:Acceso restringido

MARC

LEADER 00000ny a22000003n 4500
005 20110614121217.0
008 061023s2002 pe 000 0 spa d
020 |a 9789972733338 
035 |a 4630 
040 |a Mpons  |d vLex 
080 |a 347.9(45) 
090 |c 656  |d 656 
100 1 |a Cipriani, Franco 
245 1 3 |a La defensa del pobre en el Proceso civil  |h [Recurso electrn̤ico]  |b la experiencia italiana /   |c Franco Cipriani ; compilacin̤ y traduccin̤ de Eugenia Ariania Deho 
256 |a Servicio en ln̕ea 
260 |a Lima :  |b Palestra,  |c 2002 
300 |a 179 p. ;  |c 21 cm 
490 1 |a Derechos y Garanta̕s ;  |v 4 
506 1 |a Contenido solo disponible en los productos indicados  |d vLex Global  |d vLex Global (Academic Edition, excluding Law Schools)  |d vLex Global (U.S. Academic Edition, Law Schools)  |d vLex Global (U.S. Academic Edition, excluding Law Schools)  |d vLex Global (Academic Edition, Law Schools) 
650 0 4 |a Asistencia jurd̕ica 
650 0 4 |a Procedimiento civil  |z Italia 
740 0 |a vLex Libros (Servicios en ln̕ea) 
856 4 0 |u http://vlex.com/source/4630  |z Acceso restringido 
942 |c BOOK 
999 0 |a Civil procedure  |b Lima